[Event "Rwanda tt"]
[Site "Kigali"]
[Date "2015.08.21"]
[Round "2"]
[White "Ntabonsanganywe, Gabriel"]
[Black "Ganza, Kevin"]
[Result "0-1"]
[WhiteElo "1680"]
[BlackElo "1709"]
[PlyCount "142"]
[EventDate "2015.08.20"]
[EventType "team-match"]
[EventRounds "9"]
[EventCountry "RWA"]
[SourceTitle "EXT 2016"]
[Source "ChessBase"]
[SourceDate "2015.10.08"]
[SourceVersion "1"]
[SourceVersionDate "2015.10.08"]
[SourceQuality "1"]
[WhiteTeam "Team Unrated"]
[BlackTeam "Team Rated"]
[WhiteTeamCountry "RWA"]
[BlackTeamCountry "RWA"]

1. e4 e5 2. Bc4 Nf6 3. Qf3 Bc5 4. h3 d6 5. d3 h6 6. a3 Nc6 7. c3 Be6 8. Bb5 a6 9. Bxc6+ bxc6 10. Ne2 d5 11. d4 dxe4 12. Qg3 Nh5 13. Qxe5 Bxa3 14. Qxh5 Bd6 15. Nf4 Bb3 16. 0-0 Qf6 17. g3 g6 18. Qe2 0-0 19. Qxe4 c5 20. Be3 c4 21. Nd5 Qg7 22. Nd2 a5 23. Nxb3 cxb3 24. Ra4 Rfe8 25. Qf3 f5 26. Rfa1 g5 27. Qxf5 Rf8 28. Qe6+ Kh8 29. Rxa5 Rae8 30. Qg4 Qf7 31. Qe2 Qd7 32. Qh5 Kg7 33. Ra6 Re6 34. Qg4 Qf7 35. Rf1 Rfe8 36. h4 h5 37. Qxg5+ Rg6 38. Qxh5 Rxg3+ 39. fxg3 Qxh5 40. Nf4 Qb5 41. Rxd6 cxd6 42. Re1 Qf5 43. d5 Kh7 44. c4 Qc2 45. Ne6 Qxb2 46. Bd4 Qd2 47. Ng5+ Kg6 48. Rxe8 Qxd4+ 49. Kh2 b2 50. Rb8 Qf2+ 51. Kh3 Qf1+ 52. Kh2 b1Q 53. Rxb1 Qxb1 54. Ne6 Qc2+ 55. Kh3 Qxc4 56. Nf4+ Kf5 57. h5 Qf1+ 58. Kh4 Qh1+ 59. Nh3 Qxd5 60. g4+ Ke5 61. h6 Qf7 62. g5 Kf5 63. Nf2 Qg6 64. Nh3 d5 65. Kg3 Ke4 66. Kg4 Qf5+ 67. Kh4 d4 68. Ng1 d3 69. Kh5 d2 70. Ne2 Qh3+ 71. Kg6 d1Q 0-1

[Event "Rwanda tt"]
[Site "Kigali"]
[Date "2015.08.21"]
[Round "4"]
[White "Ntabonsanganywe, Gabriel"]
[Black "Ricky, Sang"]
[Result "1-0"]
[WhiteElo "1680"]
[BlackElo "1836"]
[PlyCount "20"]
[EventDate "2015.08.20"]
[EventType "team-match"]
[EventRounds "9"]
[EventCountry "RWA"]
[SourceTitle "EXT 2016"]
[Source "ChessBase"]
[SourceDate "2015.10.08"]
[SourceVersion "1"]
[SourceVersionDate "2015.10.08"]
[SourceQuality "1"]
[WhiteTeam "Team Unrated"]
[BlackTeam "Team Rated"]
[WhiteTeamCountry "RWA"]
[BlackTeamCountry "RWA"]

1. e4 c5 2. Bc4 e6 3. Qf3 a6 4. a3 b5 5. Ba2 Bb7 6. d3 Nf6 7. Bg5 Be7 8. Ne2 d5 9. exd5 Nxd5 10. Bxe7 Qxe7 1-0